№ 288 : Вопросы политической экономии: [сборник статей]; Ученые записки [Ленинградского государственного университета]

Bibliografske podrobnosti
Parent link:Ученые записки [Ленинградского государственного университета]: сборник статей/ Ленинградский государственный университет (ЛГУ). № 288 : Вопросы политической экономии.— , 1937-
Korporativna značnica: Ленинградский государственный университет (ЛГУ) Экономический факультет
Drugi avtorji: Воротилов В. А. (редактор)
Jezik:ruščina
Izdano: 1959
Serija:Серия экономических наук Вып. 2
Teme:
Format: Knjiga
KOHA link:https://koha.lib.tpu.ru/cgi-bin/koha/opac-detail.pl?biblionumber=350414

MARC

LEADER 00000nam2a2200000 4500
001 350414
005 20231102010311.0
035 |a (RuTPU)RU\TPU\retro\4501 
035 |a RU\TPU\retro\4444 
090 |a 350414 
100 |a 20190201d1959 k y0rusy50 ca 
101 0 |a rus 
102 |a RU 
105 |a y z 001zy 
200 0 |a № 288 : Вопросы политической экономии  |e [сборник статей]  |f Ленинградский государственный университет (ЛГУ), Экономический факультет ; отв. ред. В. А. Воротилов 
210 |d 1959 
215 |a 211 с. 
225 1 |a Серия экономических наук  |v Вып. 2 
320 |a Библиогр. в примеч. 
461 1 |0 (RuTPU)RU\TPU\book\347780  |t Ученые записки [Ленинградского государственного университета]  |o сборник статей  |f Ленинградский государственный университет (ЛГУ)  |v № 288 : Вопросы политической экономии  |d 1937-  
606 1 |a Политэкономия  |x Теория  |2 stltpush  |3 (RuTPU)RU\TPU\subj\36646  |9 57951 
610 1 |a промышленность 
610 1 |a социализм 
610 1 |a тарифная система 
610 1 |a потребительская кооперация 
610 1 |a новаторство 
610 1 |a США 
610 1 |a научно-технический прогресс 
610 1 |a кризис капитализма 
610 1 |a рынки сбыта 
610 1 |a монополизм 
610 1 |a экспансия 
610 1 |a концерн Круппа 
610 1 |a вторая мировая война 
610 1 |a городского населения 
610 1 |a Россия 
610 1 |a динамика 
686 |a У011  |v LBC/SL-A  |2 rubbk 
702 1 |a Воротилов  |b В. А.  |4 340 
712 0 2 |a Ленинградский государственный университет (ЛГУ)  |b Экономический факультет  |c (1924-1991)  |2 stltpush  |3 (RuTPU)RU\TPU\col\77 
801 1 |a RU  |b 63413507  |c 20161116 
801 2 |a RU  |b 63413507  |c 20190207  |g RCR 
942 |c BK